| 000 | 00496ata a2200205 4500 | ||
|---|---|---|---|
| 005 | 20161020183927.0 | ||
| 008 | 150519b xxu||||| |||| 00| 0 spa d | ||
| 041 | _aspa | ||
| 082 | _a917.286 G943g | ||
| 245 | _aGuías Océano: Costa Rica | ||
| 260 | _aEspaña | ||
| 260 | _bOCEANO | ||
| 260 | _c2006 | ||
| 300 | _a296 páginas | ||
| 650 |
_aCOSTA RICA _928325 |
||
| 650 |
_aDESCRIPCIONES Y VIAJES _928326 |
||
| 650 |
_aGEOGRAFÍA TURÍSTICA _96732 |
||
| 650 |
_aGUÍAS _9738 |
||
| 942 | _cBK | ||
| 999 |
_c5744 _d5744 |
||